000 00302nam a22001337a 4500
008 260211b ||||| |||| 00| 0 eng d
020 _a9788853616029
041 _aital
080 _a002.1
100 _a20
101 _aital
245 _aLe Avventure di Pinocchio
_cCarlo Collodi
942 _2lcc
_cBK
999 _c60778
_d60778